The code of civil procedure abridged / (Record no. 153952)

MARC details
000 -LEADER
fixed length control field 00765nam a22002297a 4500
005 - DATE AND TIME OF LATEST TRANSACTION
control field 20180713114301.0
010 ## - LCCN (DPL NO)
LC control number ENG-123462
020 ## - INTERNATIONAL STANDARD BOOK NUMBER
Terms of availability 3395.00
International Standard Book Number 9789386515131
035 ## - SYSTEM CONTROL NUMBER
System control number EN-106994
037 ## - SOURCE OF ACQUISITION
Source of stock number/acquisition DBAD/PUB.
082 ## - DEWEY DECIMAL CLASSIFICATION NUMBER
Classification number 347.540502468
100 ## - MAIN ENTRY--PERSONAL NAME
Personal name Mulla, Dinshaw Fardunji
245 ## - TITLE STATEMENT
Title The code of civil procedure abridged /
Statement of responsibility, etc by Dinshaw Fardunji Mulla; Deepak Verma [and] Namit Saxena
250 ## - EDITION STATEMENT
Edition statement 17th edn.
260 ## - PUBLICATION, DISTRIBUTION, ETC. (IMPRINT)
Place of publication, distribution, etc Gurgaon
Name of publisher, distributor, etc Lexis Nexis
Date of publication, distribution, etc 2018
270 ## - ADDRESS
Address 14th floor, Building No-10, Tower-B, DLF Cyber City, Phase-11
City Gurgaon
Postal code 122002
300 ## - PHYSICAL DESCRIPTION
Extent cccxlixlv,2340p.
Dimensions 24cm(Hb)
500 ## - GENERAL NOTE
General note It includes subject index
700 ## - ADDED ENTRY--PERSONAL NAME
Personal name Verma, Deepak
700 ## - ADDED ENTRY--PERSONAL NAME
Personal name Saxena, Namit
942 ## - ADDED ENTRY ELEMENTS (KOHA)
Source of classification or shelving scheme Dewey Decimal Classification
Item type English Books
Call number suffix MUL
Classification part 347.540502468
Holdings
Withdrawn status Lost status Not for loan Collection code Home library Current library Date acquired Source of acquisition Cost, normal purchase price Full call number Barcode Copy number Cost, replacement price Koha item type
    Not For Loan Non-fiction D.B.Act.Division Bawana 13/07/2018 DBAD/PUB 3395.00 347.540502468 MUL EN-106994 1 3395.00 English Books

© Delhi Public Library
Hit Counter
free hit counter